Základní dokumenty k modelářství

Bibliographic Details
Main Author: Brichta, Emerich (Author)
Format: Book
Language:English
PhysicalDescription:85 s.
Published: Praha Naše vojsko 1963
Edition:1. vyd.

MARC

LEADER 00000nam a2200000 a 4500
001 vtls009497190
003 SK-MaSNL
005 20260301024747.0
008 240314 000 0 eng
040 |a SNK  |b slo  |c SNK  |e AACR2 
100 1 |a Brichta, Emerich  |4 aut  |9 319371 
245 1 0 |a Základní dokumenty k modelářství  |c sestavil Emerich Brichta 
250 |a 1. vyd. 
260 |a Praha  |b Naše vojsko  |c 1963 
300 |a 85 s. 
999 |c 571772  |d 573702 
952 |a SNK  |b SNK  |y NEVYP  |7 0  |p 17A0616861  |o snkID 34130 D1  |i snkKIP 5478/63  |3 rekatalogizácia  |0 0  |1 1  |4 0  |d 2009-04-30  |l 0  |r 2026-02-23 14:19:36  |w 2026-02-23